00644 a2200157 45000010006000000050017000060080041000230030015000640400040000790800082001192450058002012640108002593000018003670410008003851000093003933003320260407155611.0260407a1993 arg spa dAR-UNSa-BCEJYS aAR-UNSa-BCEJYSbspacAR-UNSa-BCEJYS a06.055xPublicaciones, informes concernientes al trabajo de la organización10aMemoria del Decanatopdiciembre 1992 - noviembre 1993 1aSalta :bUniversidad Nacional de Salta. Facultad de Ciencias Económicas, Jurídicas y Socialesc1993 a22 p.c32 cm. aspa1 aUniversidad Nacional de Salta. Facultad de Ciencias Económicas, Jurídicas y Sociales